000 00826nam a2200205 a 4500
008 120416s1997 ||||||||||||||||| || u
020 _a090831194X
050 _aHD 62.7 Wil
100 _aWild, Volker
245 1 0 _aProfit not for profit's sake
246 _ahistory and business culture of African entrepreneurs in Zimbabwe
260 _aHarare
_bBaobab Books
_c1997
300 _axxv, 324 p.
350 _a0.00
500 _aGerman ed. published: Mèunchen : Weltform Verlag, 1994. -Includes bibliographical references (p. 281-310) and index.
650 0 _aBUSINESS
650 _aEntrepreneurship--ZIMBABWE--HISTORY
650 _aSMALL BUSINESS--ZIMBABWE--HISTORY
995 _D0.00
_FCBU-MAIN LIBRARY (Kitwe)
_H1
_I13.95
_M1
_UDAMAGED
_ZMain Library Open Access Collection
999 _c54971
_d54971